Guess The Neighbourhood song by its lyrics #1 - Statistics

General Stats
  • This quiz has been taken 35 times
  • The average score is 5 of 10
Answer Stats
Lyrics Song % Correct
One love, two mouths One love, one house Sweater Weather
89%
You make me wanna scream at the top of my lungs Afraid
63%
Did it make you feel bad When you cheated on your man last night? (Whoop!) #icanteven
59%
Uh-oh, where can I go? Everybody's watching me Everybody's watching me
56%
And you could call this the funeral I'm just telling the truth R.I.P. 2 My Youth
56%
You're the star I look for every night When it's dark, you'll stick right by my side Compass
52%
Something is wrong, I can't explain Everything changed when the birds came Prey
52%
I only touched you once Lately I can't find a beat I used to feel the rush Void
48%
Remember what the people said Remember what the people said Let It Go
30%
Read my mind, got me at a stop light Start me up, then you make a stop like Blue
15%
No matching quizzes found
Score Distribution
Percent of People with Each Score
Percentile by Number Answered
Your Score History
You have not taken this quiz